Význam inovácií pre malé a stredné podniky
Definícia inovácie podľa Európskej komisie. Charakteristika troch generácií technologickej a inovačnej politiky. Pojem národný inovačný systém, ktorý do odbornej literatúry zaviedol C. Freeman. Inovačná aktivita malých a stredných podnikov. Rozvoj zhlukov - klastrov. Faktory rozvoja a rastu zhlukov....
Uložené v:
| Hlavný autor: | |
|---|---|
| Médium: | Kapitola |
| Jazyk: | Slovak |
| Predmet: | |
| Tagy: |
Žiadne tagy, Buďte prvý, kto otaguje tento záznam!
|
MARC
| LEADER | 00000naa$a2200000$$$4500 | ||
|---|---|---|---|
| 001 | 0098846 | ||
| 005 | 20240502072105.4 | ||
| 041 | 0 | |a slo | |
| 044 | |a SK | ||
| 245 | 1 | 0 | |a Význam inovácií pre malé a stredné podniky |c Alena Bašová |
| 520 | |a Definícia inovácie podľa Európskej komisie. Charakteristika troch generácií technologickej a inovačnej politiky. Pojem národný inovačný systém, ktorý do odbornej literatúry zaviedol C. Freeman. Inovačná aktivita malých a stredných podnikov. Rozvoj zhlukov - klastrov. Faktory rozvoja a rastu zhlukov. Zhluky ako efektívny nástroj na zabezpečenie konkurenčnej výhody. | ||
| 610 | 2 | 0 | |a inovácia |
| 610 | 2 | 0 | |a technológia |
| 610 | 2 | 0 | |a výroba |
| 610 | 2 | 0 | |a transformácia |
| 610 | 2 | 0 | |a podnik malý |
| 610 | 2 | 0 | |a podnik stredný |
| 610 | 2 | 0 | |a spolupráca podnikov |
| 610 | 2 | 0 | |a klaster |
| 610 | 2 | 0 | |a výhody konkurenčné |
| 610 | 2 | 0 | |a Slovensko |
| 610 | 2 | 0 | |a Európska únia |
| 100 | 1 | |a Bašová, Alena, 1961- | |